№ 5 (161); Водоочистка. Водоподготовка. Водоснабжение

Bibliografiske detaljer
Parent link:Водоочистка. Водоподготовка. Водоснабжение: производственно-технический журнал. № 5 (161).— , 2013-2017, 2020-.— 2072-2710
Summary:Режим доступа: по договору с организацией-держателем ресурса
Sprog:russisk
Udgivet: 2021
Online adgang:https://www.elibrary.ru/contents.asp?id=46170202
Format: MixedMaterials Electronisk Bog
KOHA link:https://koha.lib.tpu.ru/cgi-bin/koha/opac-detail.pl?biblionumber=586510

MARC

LEADER 00000nam2a2200000 4500
001 586510
005 20231101131412.0
035 |a (RuTPU)RU\TPU\prd\289065 
035 |a RU\TPU\prd\288805 
090 |a 586510 
100 |a 20210804a20089999k y0rusy50 ca 
101 0 |a rus 
102 |a RU 
181 0 |a i  
182 0 |a b 
200 0 |a № 5 (161)  |b Электронный ресурс 
203 |a Текст  |c электронный 
210 |d 2021 
333 |a Режим доступа: по договору с организацией-держателем ресурса 
461 1 |0 (RuTPU)RU\TPU\prd\278006  |x 2072-2710  |t Водоочистка. Водоподготовка. Водоснабжение  |o производственно-технический журнал  |v № 5 (161)  |d 2013-2017, 2020- 
801 0 |a RU  |b 63413507  |c 20010227  |g PSBO 
801 1 |a RU  |b 63413507  |c 20160324 
801 2 |a RU  |b 63413507  |c 20210804  |g RCR 
856 4 0 |u https://www.elibrary.ru/contents.asp?id=46170202 
942 |c BK